| 000 | 01017nam a2200289 i 4500 | ||
|---|---|---|---|
| 001 | 000021706 | ||
| 003 | DO-SdBNP | ||
| 005 | 20231009144202.0 | ||
| 007 | ta | ||
| 008 | 100910s1983 dr c 000 0 spa d | ||
| 040 |
_aDO-SdBNP _bspa _cBNPHU _erda |
||
| 082 | 4 |
_a331.542 _bL555a _222 |
|
| 100 | 1 |
_aLemoine, Maurice, _945140 _eautor |
|
| 245 | 1 | 0 |
_aAzucar amargo : _breportaje fotográfico del autor / _cMaurice Lemoine. |
| 264 |
_aSanto Domingo : _bCepae, _c1983. |
||
| 300 |
_a389 páginas : _bretratos ; _c22 cm. |
||
| 336 |
_2rdacontent _atexto _btxt |
||
| 337 |
_2rdamedia _asin mediación _bnc |
||
| 338 |
_2rdacarrier _avolumen _bn |
||
| 500 | _aIncluye referencias bibliográficas y notas al pie de las páginas | ||
| 590 | _aInventariado, 2018/VM | ||
| 650 | 4 |
_aContratos de trabajo _zRepública Dominicana _945141 |
|
| 650 | 4 |
_aTrabajadores del azucar _zRepública Dominicana _910114 |
|
| 650 | 4 |
_aHaitianos en República Dominicana _92246 |
|
| 910 | _aValidado. Control de calidad MFF | ||
| 942 |
_2ddc _cLBS1 |
||
| 999 |
_c21205 _d21205 |
||